[Event "Hunan Belt and Road Open 2019"]
[Site "Hunan"]
[Date "2019.08.03"]
[Round "6.18"]
[White "Zhu, Jiner"]
[Black "Oleksiyenko, Mykhaylo"]
[Result "0-1"]
[WhiteElo "2454"]
[BlackElo "2600"]
[Annotator "TA"]
[PlyCount "110"]
[EventDate "2019.07.29"]
[EventType "swiss"]
[EventCountry "CHN"]
[SourceTitle "playchess.com"]
[Source "ChessBase"]
[SourceQuality "1"]

{[%evp 12,110,10,11,35,18,18,20,11,10,18,15,21,11,39,16,59,64,66,45,46,49,76,61,90,96,94,95,113,50,108,94,102,75,81,59,65,68,72,89,95,12,12,12,9,8,8,8,8,8,10,18,12,10,20,15,19,22,30,0,0,0,0,0,0,-39,-39,-39,0,0,0,-42,-42,-42,-42,-41,-33,-415,-397,-496,-493,-494,-484,-531,-512,-540,-528,-538,-505,-520,-518,-797,-708,-29969,-29972,-29969,-29971,-29965,-29963,-29976,-29977]} 1. e4 e5 2. Nf3 Nc6 3. Bb5 Nf6 4. O-O Nxe4 5. Re1 Nd6 6. Nxe5 Be7 7. Bf1 Nf5 {C67: Ruy Lopez: Berlin Defence: 4 0-0 Nxe4} 8. c3 Nxe5 9. Rxe5 d6 {The position is equal.} 10. Re1 O-O 11. d4 d5 12. Bf4 c5 13. Na3 $146 {[%cal Bb1a3,Ba3c2,Bc2e3][%mdl 32]} ({Predecessor:} 13. Bd3 c4 14. Bc2 Be6 15. Nd2 Nh4 16. Bg3 Nf5 17. Bf4 Nh4 18. Bg3 Nf5 {½-½ (18) Wei,Y (2738)-Le,Q (2726) Danzhou 2017}) 13... g5 14. Bd2 c4 15. Nc2 Be6 16. g3 h6 17. Bg2 Qd7 18. f4 Ng7 19. Ne3 Rfe8 20. b3 (20. fxg5 $16 hxg5 21. b3) 20... Rad8 (20... gxf4 $14 21. gxf4 Bh4) 21. bxc4 dxc4 22. Qf3 b5 23. Rad1 g4 24. Qc6 Rc8 25. Qa6 h5 26. f5 (26. a3 $16) 26... Nxf5 $11 27. Nxf5 Bxf5 28. Re5 b4 29. Rf1 Bg6 $1 30. Bd5 {Intending Qxg6+ and mate.} Qd6 31. Qxd6 $1 ({Don't blunder} 31. Qxa7 $2 Qxe5 $1 {[%mdl 512]} 32. dxe5 (32. Bxf7+ $2 Bxf7 33. dxe5 Bc5+ {[%mdl 64] Discovered Attack} 34. Qxc5 Rxc5 $19) 32... Bc5+ 33. Be3 Bxa7 $19) (31. Bxc4 bxc3 32. Qxd6 Bxd6 $17) 31... Bxd6 32. Rxe8+ Rxe8 33. Rf6 Kh7 34. Rxd6 {Rc6 is the strong threat.} Re2 35. Bg5 Bd3 $1 36. Rf6 Re1+ 37. Kg2 {And now h4 would win.} bxc3 38. h3 Re2+ 39. Kg1 $1 Re1+ 40. Kg2 Re2+ 41. Kg1 $1 gxh3 42. Bf3 $1 {[%cal Rf3e2]} Re1+ 43. Kh2 c2 44. d5 $2 {[%mdl 8192] [#]} ({Reject} 44. Kxh3 Kg7 $17) (44. Bxh5 $15 c1=Q 45. Rxf7+ {[%mdl 64] Double Attack} Kg8 46. Bxc1 Rxc1 47. Rxa7) 44... Kg7 $1 $19 {Threatens to win with ...Re5.} 45. Rc6 c1=Q 46. Bxc1 Rxc1 {[%mdl 4096] Endgame KRB-KRB} 47. d6 {Black must now prevent d7.} Bf5 48. Rc5 Rc2+ 49. Kh1 Be6 50. Bd5 {intending Bxe6.} Kf6 51. d7 (51. a4 $142 Ke5 52. d7 Bxd7 53. Bxf7+ Kd6 54. Rxc4 Bc6+ 55. Rxc6+ Kxc6 56. Bg6) 51... Bxd7 52. Rxc4 Rxc4 {Black mates.} 53. Bxc4 Be6 54. Be2 Bxa2 55. Bxh5 Bb3 {Accuracy: White = 46%, Black = 71%.} 0-1

[Event "Hunan Belt and Road Open 2019"]
[Site "Hunan"]
[Date "2019.08.03"]
[Round "6.19"]
[White "Taher, Yoseph Theolifus"]
[Black "Ju, Wenjun"]
[Result "1/2-1/2"]
[WhiteElo "2460"]
[BlackElo "2595"]
[Annotator "TA"]
[PlyCount "45"]
[EventDate "2019.07.29"]
[EventType "swiss"]
[EventCountry "CHN"]
[SourceTitle "playchess.com"]
[Source "ChessBase"]
[SourceQuality "1"]

{[%evp 14,45,25,8,8,19,16,18,27,22,25,17,20,18,22,24,30,6,6,4,7,8,7,5,1,6,6,5,1,0,0,0,0,6]} 1. e4 e5 2. Nf3 Nf6 3. d4 Nxe4 4. Bd3 d5 5. Nxe5 Nd7 6. Nxd7 Bxd7 7. O-O Bd6 8. Qh5 Qf6 {C43: Petroff Defence: 3 d4} 9. Nc3 Qxd4 10. Be3 Qe5 11. Qxe5+ Bxe5 12. Nxd5 Nf6 13. Rae1 {Threatening Bd4.} Nxd5 {[#]} 14. Bd4 $146 ({Predecessor:} 14. Bd2 f6 15. f4 Nxf4 16. Bxf4 O-O 17. Bxe5 fxe5 18. Bc4+ Kh8 {½-½ (23) Andreikin,D (2719)-Yu,Y (2764) St Petersburg 2018}) 14... f6 {[#] ...Nf4 is the strong threat.} 15. f4 Nxf4 {The position is equal.} 16. Rxf4 O-O 17. Bxe5 fxe5 18. Bc4+ Kh8 19. Rxf8+ Rxf8 20. Rxe5 Re8 21. Rxe8+ Bxe8 22. Kf2 g5 23. Ke3 1/2-1/2

[Event "Hunan Belt and Road Open 2019"]
[Site "Hunan"]
[Date "2019.08.03"]
[Round "6.20"]
[White "Wen, Yang"]
[Black "Xiang, Zeyu"]
[Result "1-0"]
[WhiteElo "2586"]
[BlackElo "2447"]
[Annotator "ChessBase"]
[PlyCount "111"]
[EventDate "2019.07.29"]
[EventType "swiss"]
[EventCountry "CHN"]
[SourceTitle "playchess.com"]
[Source "ChessBase"]
[SourceQuality "1"]
[TimeControl "5400+30"]

1. e4 {[%emt 0:00:00]} e5 {[%emt 0:00:00]} 2. Nf3 {[%emt 0:00:00]} Nc6 {[%emt 0:00:00]} 3. Bc4 {[%emt 0:00:00]} Bc5 {[%emt 0:00:00]} 4. c3 {[%emt 0:00:39]} Nf6 {[%emt 0:00:00]} 5. d4 {[%emt 0:00:51]} exd4 {[%emt 0:00:04]} 6. e5 {[%emt 0:00:03]} d5 {[%emt 0:00:05]} 7. Bb5 {[%emt 0:00:04]} Ne4 {[%emt 0:00:05]} 8. cxd4 {[%emt 0:00:05]} Bb6 {[%emt 0:00:04]} 9. Nc3 {[%emt 0:00:06]} O-O {[%emt 0:00:06]} 10. Be3 {[%emt 0:00:04]} Bg4 {[%emt 0:01:12]} 11. h3 {[%emt 0:00:26]} Bh5 {[%emt 0:00:09]} 12. Qc2 {[%emt 0:00:17]} Bg6 {[%emt 0:00:08]} 13. Qb3 {[%emt 0:00:05]} Ne7 {[%emt 0:00:06]} 14. O-O {[%emt 0:00:45]} c6 {[%emt 0:00:06]} 15. Bd3 {[%emt 0:00:05]} Nxc3 {[%emt 0:00:07]} 16. Qxc3 {[%emt 0:00:06]} f6 {[%emt 0:00:04]} 17. exf6 {[%emt 0:00:30]} Rxf6 {[%emt 0:00:05]} 18. Bg5 {[%emt 0:00:07]} Rxf3 {[%emt 0:00:04]} 19. gxf3 {[%emt 0:00:05]} Qd7 {[%emt 0:00:04]} 20. Bxe7 {[%emt 0:00:13]} Qxe7 {[%emt 0:00:05]} 21. Bxg6 {[%emt 0:00:05]} Qg5+ {[%emt 0:00:06]} 22. Kh1 {[%emt 0:00:05]} Qxg6 {[%emt 0:00:04]} 23. Rad1 {[%emt 0:00:06]} Qf5 {[%emt 0:00:57]} 24. f4 {[%emt 0:01:05]} Qxf4 {[%emt 0:00:07]} 25. Qe3 {[%emt 0:01:42]} Rf8 {[%emt 0:00:30]} 26. Kg2 {[%emt 0:01:12]} Qf6 {[%emt 0:22:18]} 27. Rfe1 {[%emt 0:01:32]} Qg6+ {[%emt 0:00:45]} 28. Kf1 {[%emt 0:05:51]} Qh5 {[%emt 0:01:00]} 29. Qe6+ {[%emt 0:08:37]} Kh8 {[%emt 0:02:54]} 30. Rd3 {[%emt 0:01:21]} h6 {[%emt 0:01:40]} 31. Re5 {[%emt 0:03:11]} Qh4 {[%emt 0:02:48]} 32. Rf5 {[%emt 0:00:21]} Rxf5 {[%emt 0:00:51]} 33. Qc8+ {[%emt 0:00:12]} Qd8 {[%emt 0:15:07]} 34. Qxf5 {[%emt 0:00:13]} Kg8 {[%emt 0:00:11]} 35. Qe6+ {[%emt 0:13:39]} Kh7 {[%emt 0:00:35]} 36. Qf7 {[%emt 0:00:07]} Qg5 {[%emt 0:03:43]} 37. f4 {[%emt 0:02:10]} Qg6 {[%emt 0:03:45]} 38. Qxg6+ {[%emt 0:00:09]} Kxg6 {[%emt 0:00:04]} 39. Kg2 {[%emt 0:00:06]} Kf5 {[%emt 0:00:10]} 40. Kf3 {[%emt 0:00:06]} g6 {[%emt 0:01:21]} 41. Rb3 {[%emt 0:01:33]} h5 {[%emt 0:06:55]} 42. a4 {[%emt 0:00:22]} Ke6 {[%emt 0:10:13]} 43. Ke3 {[%emt 0:04:41]} c5 {[%emt 0:05:21]} 44. Rb5 {[%emt 0:00:13]} c4 {[%emt 0:01:10]} 45. a5 {[%emt 0:01:04]} Bc7 {[%emt 0:00:10]} 46. Rxb7 {[%emt 0:00:06]} Bxa5 {[%emt 0:00:04]} 47. Rxa7 {[%emt 0:00:04]} Bb4 {[%emt 0:00:04]} 48. Rb7 {[%emt 0:09:24]} Bf8 {[%emt 0:01:31]} 49. b3 {[%emt 0:00:45]} cxb3 {[%emt 0:00:06]} 50. Rxb3 {[%emt 0:00:03]} Be7 {[%emt 0:00:12]} 51. Rb7 {[%emt 0:03:26]} Ba3 {[%emt 0:01:20]} 52. Kf3 {[%emt 0:01:44]} Kf5 {[%emt 0:00:37]} 53. Rb5 {[%emt 0:04:07]} Ke6 {[%emt 0:01:58]} 54. Rb3 {[%emt 0:00:05]} Bf8 {[%emt 0:00:12]} 55. Re3+ {[%emt 0:00:11]} Kd6 {[%emt 0:04:00]} 56. Re8 {[%emt 0:01:05]} 1-0

[Event "Hunan Belt and Road Open 2019"]
[Site "Hunan"]
[Date "2019.08.03"]
[Round "6.21"]
[White "Lagno, Kateryna"]
[Black "Zhao, Yuanhe"]
[Result "1-0"]
[WhiteElo "2549"]
[BlackElo "2448"]
[Annotator "ChessBase"]
[PlyCount "103"]
[EventDate "2019.07.29"]
[EventType "swiss"]
[EventCountry "CHN"]
[SourceTitle "playchess.com"]
[Source "ChessBase"]
[SourceQuality "1"]
[TimeControl "5400+30"]

1. e4 {[%emt 0:00:00]} e5 {[%emt 0:02:52]} 2. Nf3 {[%emt 0:00:00]} Nf6 {[%emt 0:00:06]} 3. Nxe5 {[%emt 0:00:00]} d6 {[%emt 0:00:04]} 4. Nf3 {[%emt 0:00:00]} Nxe4 {[%emt 0:00:05]} 5. d4 {[%emt 0:00:00]} d5 {[%emt 0:00:05]} 6. Bd3 {[%emt 0:00:03]} Bd6 {[%emt 0:00:44]} 7. O-O {[%emt 0:00:13]} O-O {[%emt 0:00:16]} 8. c4 {[%emt 0:00:12]} c6 {[%emt 0:00:28]} 9. Qb3 {[%emt 0:00:16]} dxc4 {[%emt 0:08:04]} 10. Bxc4 {[%emt 0:00:10]} Qb6 {[%emt 0:11:18]} 11. Qd3 {[%emt 0:12:46]} Nf6 {[%emt 0:05:36]} 12. Nc3 {[%emt 0:10:23]} Na6 {[%emt 0:15:06]} 13. Ne4 {[%emt 0:06:24]} Nxe4 {[%emt 0:05:35]} 14. Qxe4 {[%emt 0:00:04]} Qa5 {[%emt 0:03:02]} 15. Ne5 {[%emt 0:04:19]} Bxe5 {[%emt 0:03:29]} 16. dxe5 {[%emt 0:00:19]} Nc5 {[%emt 0:02:42]} 17. Qh4 {[%emt 0:11:08]} Be6 {[%emt 0:01:17]} 18. Be2 {[%emt 0:00:29]} Qa4 {[%emt 0:11:15]} 19. b4 {[%emt 0:12:27]} Nd7 {[%emt 0:10:45]} 20. Bd3 {[%emt 0:03:44]} g6 {[%emt 0:02:53]} 21. Bh6 {[%emt 0:02:51]} a5 {[%emt 0:00:07]} 22. a3 {[%emt 0:06:57]} axb4 {[%emt 0:02:55]} 23. Bxf8 {[%emt 0:00:40]} Rxf8 {[%emt 0:00:12]} 24. axb4 {[%emt 0:00:14]} Qb3 {[%emt 0:00:05]} 25. Qd4 {[%emt 0:01:45]} Nxe5 {[%emt 0:01:42]} 26. Be4 {[%emt 0:04:31]} Nd7 {[%emt 0:00:15]} 27. Ra7 {[%emt 0:00:29]} Rb8 {[%emt 0:02:23]} 28. Rb1 {[%emt 0:00:25]} Qc4 {[%emt 0:00:04]} 29. Qxc4 {[%emt 0:00:15]} Bxc4 {[%emt 0:00:04]} 30. Bxc6 {[%emt 0:00:18]} bxc6 {[%emt 0:00:07]} 31. Rxd7 {[%emt 0:00:04]} c5 {[%emt 0:00:13]} 32. b5 {[%emt 0:06:43]} Rxb5 {[%emt 0:00:57]} 33. Rxb5 {[%emt 0:00:07]} Bxb5 {[%emt 0:00:03]} 34. Rd5 {[%emt 0:00:05]} h5 {[%emt 0:00:33]} 35. Rxc5 {[%emt 0:00:09]} Bd7 {[%emt 0:00:03]} 36. f3 {[%emt 0:00:34]} Kg7 {[%emt 0:00:12]} 37. Kf2 {[%emt 0:00:03]} Kf6 {[%emt 0:01:00]} 38. Ke3 {[%emt 0:00:05]} Bf5 {[%emt 0:00:52]} 39. Kd4 {[%emt 0:00:35]} Bb1 {[%emt 0:00:11]} 40. Rb5 {[%emt 0:01:11]} Bf5 {[%emt 0:00:12]} 41. Rb6+ {[%emt 0:00:20]} Kg7 {[%emt 0:00:06]} 42. Ke5 {[%emt 0:00:05]} Bd3 {[%emt 0:00:12]} 43. Kd6 {[%emt 0:02:13]} Bf1 {[%emt 0:00:38]} 44. g3 {[%emt 0:02:12]} Be2 {[%emt 0:00:45]} 45. f4 {[%emt 0:01:09]} Kf6 {[%emt 0:04:59]} 46. Kd7+ {[%emt 0:00:33]} Kg7 {[%emt 0:05:08]} 47. Ke7 {[%emt 0:00:05]} Bc4 {[%emt 0:00:52]} 48. Rf6 {[%emt 0:00:06]} Ba2 {[%emt 0:01:41]} 49. h4 {[%emt 0:00:43]} Bb3 {[%emt 0:01:42]} 50. f5 {[%emt 0:00:08]} gxf5 {[%emt 0:00:26]} 51. Rxf5 {[%emt 0:00:04]} Kg6 {[%emt 0:00:12]} 52. Rg5+ {[%emt 0:00:10]} 1-0

[Event "Hunan Belt and Road Open 2019"]
[Site "Hunan"]
[Date "2019.08.03"]
[Round "6.22"]
[White "Liu, Yan"]
[Black "Chu, Wei Chao"]
[Result "1/2-1/2"]
[WhiteElo "2516"]
[BlackElo "2406"]
[Annotator "TA"]
[PlyCount "143"]
[EventDate "2019.07.29"]
[EventType "swiss"]
[EventCountry "CHN"]
[SourceTitle "playchess.com"]
[Source "ChessBase"]
[SourceQuality "1"]

{[%evp 25,143,-18,-16,-35,-17,-57,-52,-56,-69,-64,-72,-109,-58,-53,-64,-93,-85,-60,-77,-99,-87,-102,-97,-88,-82,-85,-41,-50,0,-4,24,-46,0,0,0,0,0,0,0,0,0,-1,-6,0,0,0,13,10,14,10,25,15,60,47,47,47,48,48,48,48,48,48,48,48,48,48,48,48,48,48,48,48,48,48,48,48,48,0,0,0,0,0,0,0,0,0,0,0,0,0,0,0,0,0,0,0,0,0,0,0,0,0,0,0,0,0,0,0,0,0,0,0,0,0,0,0,0,0,0,0]} 1. Nf3 c5 2. c4 Nc6 3. g3 e5 4. Nc3 g6 5. Bg2 Bg7 6. O-O Nge7 7. d3 O-O 8. a3 d6 9. Rb1 a5 10. Bd2 Rb8 11. Ne1 Be6 12. Nc2 d5 13. cxd5 Nxd5 14. Ne3 {A37: Symmetrical English vs ...g6: 4 Bg2 Bg7 5 Nf3} Nxe3 15. Bxe3 Nd4 16. Bxd4 {Black is slightly better.} (16. b4 axb4 17. axb4 c4 18. Re1 b5 19. Ne4 Bd5 20. dxc4 Bxc4 21. Qd2 f5 22. Bg5 Qc7 23. Nc5 Qf7 24. Rbd1 e4 {½-½ (24) Amin,B (2709)-Areshchenko,A (2652) Germany 2019}) 16... exd4 17. Ne4 Qe7 $146 ({Predecessor:} 17... b6 18. Nd2 Qe7 19. a4 f5 20. Nc4 h5 21. Qd2 Kh7 {0-1 (42) Loftsson,H (2218)-Lagerman,R (2305) Reykjavik 2013}) 18. a4 c4 ({Black should play} 18... f5 $17 19. Nd2 f4) 19. Qd2 b6 20. dxc4 Bxc4 21. b3 Be6 22. Qf4 Rfe8 23. Nd2 Bf5 24. Rbe1 Qb4 25. Bd5 Rbd8 26. Bc4 $1 Qf8 {[#] Strongly threatening ...Bh6.} 27. Nf3 Rd7 28. Qd2 ({White should try} 28. Bb5 $11) 28... Rde7 29. Rd1 Rd8 30. Rfe1 Be6 31. Bxe6 Rxe6 32. Qd3 Rc6 33. Qb5 Qc5 34. Qxc5 Rxc5 35. Rd3 b5 36. axb5 Rxb5 37. Ra1 Re8 38. Kf1 h5 39. Ra4 Rc5 40. Nxd4 Rc1+ 41. Kg2 Bxd4 42. Rdxd4 Rxe2 43. Rxa5 $14 {[%mdl 4096] Endgame KRR-KRR} Rcc2 44. Rf4 {Threatens to win with Ra8+.} Re7 45. Rb5 Rb2 46. h3 Kg7 47. g4 hxg4 48. hxg4 Rc7 49. g5 Rd7 50. Kg3 Rb1 51. Rfb4 Rd3+ {The position is equal.} 52. Kg2 Rb2 53. Rb6 Rdd2 54. Rf4 {[#] Rb7! is the strong threat.} Rd5 55. Rb7 Rxg5+ 56. Kf3 Rf5 57. Rxf5 gxf5 $11 {KR-KR} 58. Rb6 f4 59. b4 f6 60. Rb8 Kg6 61. Kxf4 Rxf2+ 62. Ke3 Rb2 63. b5 Kf5 64. Kd4 Kg4 65. b6 f5 66. Kc5 f4 67. b7 f3 68. Rg8+ Kh3 69. b8=Q Rxb8 70. Rxb8 f2 71. Rf8 Kg2 72. Kd4 {Accuracy: White = 68%, Black = 76%.} 1/2-1/2

[Event "Hunan Belt and Road Open 2019"]
[Site "Hunan"]
[Date "2019.08.03"]
[Round "6.23"]
[White "Zou, Chen"]
[Black "Dai, Changren"]
[Result "0-1"]
[WhiteElo "2440"]
[BlackElo "2510"]
[Annotator "TA"]
[PlyCount "124"]
[EventDate "2019.07.29"]
[EventType "swiss"]
[EventCountry "CHN"]
[SourceTitle "playchess.com"]
[Source "ChessBase"]
[SourceQuality "1"]

{[%evp 10,124,10,14,42,24,32,16,22,17,23,13,38,20,25,12,49,45,75,75,67,67,69,66,65,55,79,88,112,125,131,103,128,125,133,129,127,64,65,65,64,76,112,100,99,112,101,107,100,52,64,0,0,0,0,0,0,-52,-50,-69,-74,-74,0,-5,-2,-131,-128,-164,-169,-177,-161,-345,-352,-339,-314,-275,-270,-924,-906,-877,-913,-1064,-454,-665,-425,-1412,-280,-508,-542,-503,-460,-436,-432,-461,-454,-440,-448,-427,-437,-403,-392,-783,-817,-1733,-143,-157,-147,-133,-46,-1232,-517,-29994,-29995,-29997,-29998,-29998,-29999]} 1. d4 Nf6 2. c4 e6 3. Nf3 Bb4+ 4. Nbd2 O-O 5. a3 Be7 6. e4 d6 {E11: Bogo-Indian} (6... d5 $5 {[%cal Rd5e4]}) 7. Bd3 (7. Qc2 Nfd7 8. Be2 c5 9. d5 Bf6 10. O-O Re8 11. Bd3 Ne5 12. Nxe5 Bxe5 13. Nf3 Nd7 14. Nxe5 Nxe5 {1-0 (37) Cheparinov,I (2667)-Wang,H (2735) Hengshui 2019}) 7... e5 8. d5 a5 {The position is equal.} 9. Nb1 $146 ({Predecessor:} 9. b3 Na6 10. Bb2 Nh5 11. g3 g6 12. O-O Ng7 13. Ne1 Bh3 14. Ng2 {½-½ (55) Roselli Mailhe,B (2454)-Peralta,F (2572) Montevideo 2019}) 9... Na6 10. Nc3 Bd7 11. Be3 Ng4 12. Bd2 Nc5 13. Bc2 a4 14. h3 Nf6 15. Be3 b6 16. Nd2 Qe8 17. g4 {g5 is the strong threat.} Kh8 18. Qe2 Ng8 19. h4 Qd8 20. g5 Qc8 21. O-O-O f5 22. exf5 Bxf5 23. Bxf5 ({White should play} 23. Nce4 $16) 23... Qxf5 $14 24. Bxc5 $1 bxc5 25. Nde4 Qd7 26. Rd3 Rf4 27. Rf3 Raf8 28. Rxf4 Rxf4 29. Qe3 Qg4 30. Kd2 (30. Nd2 $14) 30... Bd8 $11 31. Qe2 {White wants to play Qxg4.} Qd7 32. Qd1 Qf5 33. Qe2 (33. f3 $11) 33... Ne7 $15 34. Qd3 Ng6 $1 {[%cal Rg6h4]} 35. Qh3 {With the idea Qxf5.} Qf8 (35... Rg4 $1 $17 36. f3 Qf4+ 37. Kc2 Rxh4) 36. Qd7 $11 Nxh4 {aiming for ...Nf3+.} 37. Qxa4 (37. Kc2 $11 {remains equal.}) 37... Nf3+ $17 {[%mdl 64] Double Attack} 38. Kc2 Nxg5 39. Nxg5 Bxg5 40. Qb5 $2 (40. Kb1 {was necessary.}) 40... Rxf2+ $19 41. Kb3 h6 42. a4 {If only White now had time for a5....} Qf5 {Strongly threatening ...Qc2+.} 43. a5 $2 (43. Ka2) 43... Qc2+ 44. Ka3 {[#]} Bc1 $1 {[%cal Rc1b2]} 45. Nd1 {[#]} Rf4 (45... Qb1 $142 $1 {[%mdl 512]} 46. Qb8+ Kh7) 46. a6 (46. Qb8+ $142 Kh7 47. Qb3) 46... Qb1 47. Rh3 (47. Qb8+ $142 Kh7 48. a7 Qa1+ 49. Kb3 Rf3+ 50. Nc3 Qxb2+ {[%mdl 64] Double Attack} 51. Ka4 Rxc3 52. Qxb2 Bxb2 53. Ra1 Bxa1 54. a8=Q) 47... Kh7 $2 (47... Qa1+ 48. Kb3 Bxb2 {[%mdl 64] Deflection} 49. Nxb2 Rf2 50. Rxh6+ gxh6 51. Qb8+ Kg7 $1 {[%mdl 512]} 52. Qxc7+ Rf7 53. Qxf7+ Kxf7) 48. Nc3 $2 (48. Qb3 {only move.}) 48... Qa1+ 49. Na2 {intending a7.} Bd2 {( -> ...Bb4+)} 50. Qb3 {Black must now prevent Qc2+.} Bb4+ 51. Ka4 e4 {And now ...Rf2 would win.} 52. Kb5 Rf8 53. a7 Ra8 $1 {[%cal Ra8a7]} 54. Ka6 {[#] Hoping for Kb7.} Qf1 $1 {[%cal Rf1f8]} 55. Nxb4 $2 (55. Rh2 Qf8 56. Qh3) 55... cxb4 {[%mdl 4096] Endgame KQR-KQR} 56. Qe3 Qf5 $2 (56... Qxc4+ $19 {is more deadly.} 57. Kb7 Rd8 58. Rxh6+ gxh6) 57. Rh4 $17 Qc8+ 58. Ka5 {[#]} Qd8 (58... b3 $1 $17 59. Qxe4+ Kg8) 59. Rxe4 $2 {[%mdl 8192]} (59. Qxe4+ $15 Kh8 60. Kxb4) 59... c5+ (59... Qb8 $142 60. Ka6 Qc8+ 61. Ka5 Qb7) 60. Ka6 (60. Ka4 $19 Qd7+ 61. Kb3 Qxa7 62. Kc2) 60... Qc7 {Black mates.} 61. Kb5 Qb7+ 62. Ka4 Qxa7+ {Accuracy: White = 38%, Black = 49%.} 0-1

[Event "Hunan Belt and Road Open 2019"]
[Site "Hunan"]
[Date "2019.08.03"]
[Round "6.24"]
[White "Adhiban, B.."]
[Black "Chen, Qi b"]
[Result "1/2-1/2"]
[WhiteElo "2665"]
[BlackElo "2414"]
[Annotator "TA"]
[PlyCount "54"]
[EventDate "2019.07.29"]
[EventType "swiss"]
[EventCountry "CHN"]
[SourceTitle "playchess.com"]
[Source "ChessBase"]
[SourceQuality "1"]

{[%evp 9,54,-1,-3,-14,-9,-7,0,-17,0,0,-4,0,7,0,41,33,48,18,0,8,22,22,44,30,114,111,122,119,111,132,122,119,198,151,155,141,211,211,218,0,0,0,0,-5,-5,-6,-12]} 1. Nf3 Nf6 2. c4 e6 3. g3 d5 4. Bg2 dxc4 5. Qc2 a6 6. O-O {A13: English Opening: 1...e6} c5 $146 (6... Nbd7 7. a4 Nb6 8. a5 Nbd5 9. Qxc4 b5 10. axb6 cxb6 11. Nc3 Bb7 12. d4 b5 13. Qb3 Be7 {½-½ (67) Adhiban,B (2695)-Jumabayev,R (2602) Makati 2018}) 7. Ne5 Ra7 8. a4 b6 9. Na3 {[%cal Bb1a3,Ba3c4,Bc4e5,Be5c6][%mdl 32]} Bb7 10. Naxc4 Bxg2 11. Kxg2 Nc6 {[%mdl 64] Decoy} 12. Nxc6 Qd5+ 13. Kg1 Qxc6 {[#]} 14. d4 $1 {[%mdl 512]} Be7 (14... cxd4 15. Bf4) 15. Ne5 Qb7 16. dxc5 Bxc5 {[#]} (16... bxc5 $11 17. f3 Nd7) 17. b4 $1 $36 {[%cal Rb4c5][%mdl 2560] White is really pushing.} Bd4 (17... Bxb4 18. Nc6) 18. Nc6 ({Don't do} 18. Bb2 Bxb2 19. Qxb2 O-O $14) 18... Bxa1 19. Nxa7 O-O 20. Nc6 {Threatens to win with Ba3.} Nd5 (20... Nd7 $16) 21. b5 axb5 22. axb5 {Ba3 is the strong threat.} Bf6 (22... Qa8 $16 23. Qd3 Bf6) 23. e4 $18 Nc7 24. Rd1 $2 ({White should try} 24. e5 $18 Bd8 25. Ba3) 24... Nxb5 $11 {The position is equal.} 25. e5 Be7 $1 {[%cal Re7c5] aiming for ...Bc5.} 26. Nxe7+ Qxe7 27. Be3 Nc7 {Accuracy: White = 78%, Black = 48%.} 1/2-1/2

[Event "Hunan Belt and Road Open 2019"]
[Site "Hunan"]
[Date "2019.08.03"]
[Round "6.25"]
[White "Batsiashvili, Nino"]
[Black "Najer, Evgeniy"]
[Result "1/2-1/2"]
[WhiteElo "2433"]
[BlackElo "2678"]
[Annotator "TA"]
[PlyCount "71"]
[EventDate "2019.07.29"]
[EventType "swiss"]
[EventCountry "CHN"]
[SourceTitle "playchess.com"]
[Source "ChessBase"]
[SourceQuality "1"]

{[%evp 9,71,4,7,3,4,9,8,0,0,-2,10,6,6,7,7,0,1,5,19,7,20,19,45,-2,28,32,66,53,75,53,80,73,84,61,58,48,70,61,59,65,51,54,39,50,75,65,79,75,77,79,82,82,94,94,93,77,78,77,77,77,77,77,77,77]} 1. c4 e5 2. Nc3 Nf6 3. Nf3 Nc6 4. e4 Bb4 5. d3 d6 6. a3 {A28: English Opening: Four Knights Variation} Bxc3+ (6... Bc5 7. b4 Bb6 8. Na4 Bg4 9. Nxb6 axb6 10. Bb2 Ne7 11. Be2 Ng6 12. g3 c5 13. Nd2 Qd7 {½-½ (89) Gelfand,B (2719)-Yu,Y (2784) Hengshui 2019}) 7. bxc3 O-O 8. g3 {The position is equal.} Bd7 9. Bg2 Qc8 10. Bg5 $146 ({Predecessor:} 10. O-O h6 11. Nh4 g5 12. Qf3 Kg7 13. Nf5+ Bxf5 14. exf5 {1-0 (39) Pap,G (2492)-Kuljasevic,D (2560) Zadar 2011}) 10... Ne8 11. Nh4 Bh3 12. O-O Bxg2 13. Kxg2 f6 14. Be3 Ne7 15. f4 $36 {[%mdl 2048] White is more active.} Qd7 16. Qb3 b6 {Threatening ...exf4.} 17. f5 Rf7 18. Rad1 Nc6 {[%cal Be7c6,Bc6a5,Ba5b3][%mdl 32]} 19. g4 Na5 20. Qa2 b5 {With the idea ...bxc4.} 21. cxb5 Qxb5 22. Nf3 Qb3 23. Qxb3 Nxb3 24. Rb1 Nc5 25. Ne1 Rd7 26. c4 a6 27. Rf2 Rdd8 28. Rfb2 {White is better.} Kf7 29. Kf3 Ke7 30. h4 Nd7 31. Nc2 c5 32. Bd2 {Threatens to win with Ne3.} Rdb8 33. Ne3 Rxb2 34. Rxb2 Rb8 35. Nd5+ Kf7 36. Rxb8 {Accuracy: White = 62%, Black = 54%.} 1/2-1/2